[Event "4. Moscu Open 2008"]
[Site "Moscu RUS"]
[Date "2008.02.02"]
[Round "1.56"]
[White "Leontiev, Aleksandr V"]
[Black "Rychagov, Andrey"]
[Result "0-1"]
[WhiteElo "2330"]
[BlackElo "2551"]
[PlyCount "84"]
[EventDate "2008.02.02"]
[EventType "swiss"]
[EventRounds "9"]
[EventCountry "RUS"]
[Source "lmi"]
[SourceDate "2008.02.02"]

1. c4 f5 2. Nf3 Nf6 3. g3 g6 4. Bg2 Bg7 5. O-O d6 6. d4 O-O 7. Nc3 c6 8. b3 Qe8
9. Ba3 Na6 10. b4 Nc7 11. Rc1 h6 12. Ne1 e5 13. b5 exd4 14. bxc6 bxc6 15. Bxd6
dxc3 16. Bxc7 Ne4 17. Nd3 Be6 18. Qa4 c5 19. Qxe8 Rfxe8 20. Be5 Bxc4 21. Bxg7
Kxg7 22. Nxc5 Bxe2 23. Rfe1 Nxc5 24. Bxa8 Nd3 25. Rxe2 Rxe2 26. Rxc3 Nxf2 27.
Rc7+ Kf6 28. Rxa7 Nh3+ 29. Kf1 Rf2+ 30. Ke1 Rxh2 31. a4 f4 32. g4 Kg5 33. Ra6
Nf2 34. a5 Nxg4 35. Bd5 Rh3 36. Rb6 f3 37. a6 f2+ 38. Kf1 Rg3 39. Bg2 Re3 40.
Rb1 Kh4 41. Bf3 Rxf3 42. a7 Ra3 0-1

[Event "4. Moscu Open 2008"]
[Site "Moscu RUS"]
[Date "2008.02.02"]
[Round "1.57"]
[White "Iljushin, Alexei"]
[Black "Polschikov, Alexey"]
[Result "1/2-1/2"]
[WhiteElo "2549"]
[BlackElo "2330"]
[PlyCount "88"]
[EventDate "2008.02.02"]
[EventType "swiss"]
[EventRounds "9"]
[EventCountry "RUS"]
[Source "lmi"]
[SourceDate "2008.02.02"]

1. d4 d5 2. c4 e6 3. Nf3 Nf6 4. g3 Be7 5. Bg2 O-O 6. O-O c6 7. Nbd2 Nbd7 8. Qc2
b6 9. e4 Bb7 10. e5 Ne8 11. cxd5 cxd5 12. Re1 Qc7 13. Qd1 Rc8 14. Nf1 Qc2 15.
Qxc2 Rxc2 16. Ne3 Rc8 17. Bd2 Nc7 18. Rac1 a5 19. a3 Nb8 20. Rc3 Ba6 21. Bf1
Na8 22. Bxa6 Nxa6 23. Rec1 Rxc3 24. Rxc3 Rb8 25. h4 Kf8 26. h5 h6 27. Ng4 Ke8
28. Ne1 Bf8 29. f4 N8c7 30. Nc2 b5 31. b4 axb4 32. axb4 Kd7 33. Nf2 Ra8 34. Ra3
Nb8 35. Rxa8 Nxa8 36. g4 Nc6 37. Nd3 g6 38. hxg6 fxg6 39. Kg2 Nc7 40. Kf3 Ne8
41. Bc3 Ng7 42. Ne3 h5 43. gxh5 Nxh5 44. Kg4 Bh6 1/2-1/2

[Event "4. Moscu Open 2008"]
[Site "Moscu RUS"]
[Date "2008.02.02"]
[Round "1.58"]
[White "Zolotukhin, Valery"]
[Black "Novikov, Stanislav"]
[Result "0-1"]
[WhiteElo "2330"]
[BlackElo "2545"]
[PlyCount "40"]
[EventDate "2008.02.02"]
[EventType "swiss"]
[EventRounds "9"]
[EventCountry "RUS"]
[Source "lmi"]
[SourceDate "2008.02.02"]

1. e4 d6 2. d4 g6 3. Nc3 Bg7 4. f4 a6 5. Nf3 b5 6. Bd3 Bb7 7. e5 Nd7 8. O-O c5
9. Ng5 Nh6 10. f5 dxe5 11. fxg6 hxg6 12. Rxf7 Nxf7 13. Bxg6 O-O 14. Bh7+ Kh8
15. Ne6 Qb6 16. Bf5 Nf6 17. Qe1 Nh6 18. Bxh6 Bxh6 19. Qh4 Ng8 20. dxc5 Qc6 0-1

[Event "4. Moscu Open 2008"]
[Site "Moscu RUS"]
[Date "2008.02.02"]
[Round "1.59"]
[White "Khairullin, Ildar"]
[Black "Isaev, Yuri"]
[Result "1-0"]
[WhiteElo "2544"]
[BlackElo "2328"]
[PlyCount "69"]
[EventDate "2008.02.02"]
[EventType "swiss"]
[EventRounds "9"]
[EventCountry "RUS"]
[Source "lmi"]
[SourceDate "2008.02.02"]

1. e4 e6 2. d4 d5 3. e5 c5 4. c3 Qa5 5. dxc5 Qc7 6. Nf3 Bxc5 7. Bd3 Nc6 8. Bf4
Nge7 9. Bg3 Bd7 10. Nbd2 a6 11. O-O Ng6 12. Re1 Nce7 13. Nb3 Ba7 14. h4 Nc6 15.
h5 Nge7 16. Bh4 h6 17. Rc1 Qb6 18. Qd2 Na5 19. Nxa5 Qxa5 20. Qf4 Nc6 21. Qg4
Kf8 22. a3 b5 23. Rcd1 Qc7 24. Bg3 Rc8 25. Bb1 Na5 26. Rd3 Qc4 27. Nd4 Nb3 28.
Bh4 Rg8 29. Rf3 Nxd4 30. cxd4 Rh8 31. Bg6 Be8 32. Qxe6 Rc7 33. Qd6+ Kg8 34. Rc3
Qxd4 35. Rxc7 1-0

[Event "4. Moscu Open 2008"]
[Site "Moscu RUS"]
[Date "2008.02.02"]
[Round "1.60"]
[White "Lyaskovsky, Viktor"]
[Black "Chernyshov, Konstantin"]
[Result "0-1"]
[WhiteElo "2326"]
[BlackElo "2543"]
[PlyCount "96"]
[EventDate "2008.02.02"]
[EventType "swiss"]
[EventRounds "9"]
[EventCountry "RUS"]
[Source "lmi"]
[SourceDate "2008.02.02"]

1. e4 g6 2. d4 Bg7 3. Nc3 a6 4. f4 b5 5. a3 Bb7 6. Nf3 d6 7. Be3 Nf6 8. Bd3 O-O
9. Qd2 Nbd7 10. h3 Nb6 11. b3 a5 12. e5 b4 13. Ne2 Ne4 14. Bxe4 Bxe4 15. O-O
Nd5 16. Bf2 Bxf3 17. gxf3 Bh6 18. Bg3 dxe5 19. dxe5 Nxf4 20. Bxf4 Qxd2 21. Bxd2
Bxd2 22. Kf2 Rad8 23. Rfd1 e6 24. axb4 axb4 25. Kf1 Rd5 26. Ra7 c5 27. Rc7 Rfd8
28. Ng3 Bf4 29. Rxd5 Rxd5 30. Ne4 Bxe5 31. Rxc5 Rxc5 32. Nxc5 Kg7 33. Ke2 g5
34. Kd3 h5 35. Kc4 Bd6 36. Ne4 Be7 37. c3 f5 38. Nf2 bxc3 39. Kxc3 Bc5 40. Nd3
Be3 41. b4 h4 42. Ne1 Bf2 43. Nd3 Be3 44. Ne1 Kf6 45. Ng2 Bf2 46. b5 g4 47. b6
gxh3 48. b7 Ba7 0-1

[Event "4. Moscu Open 2008"]
[Site "Moscu RUS"]
[Date "2008.02.02"]
[Round "1.61"]
[White "Deviatkin, Andrei"]
[Black "Ipatov, Alexander"]
[Result "0-1"]
[WhiteElo "2543"]
[BlackElo "2323"]
[PlyCount "86"]
[EventDate "2008.02.02"]
[EventType "swiss"]
[EventRounds "9"]
[EventCountry "RUS"]
[Source "lmi"]
[SourceDate "2008.02.02"]

1. d4 d5 2. c4 e6 3. Nc3 Nf6 4. cxd5 exd5 5. Bg5 Be7 6. e3 c6 7. Bd3 Nbd7 8.
Qc2 Nf8 9. Nge2 Ne6 10. Bh4 g6 11. f3 Nh5 12. Bf2 f5 13. O-O-O O-O 14. Kb1 Bd7
15. h3 Neg7 16. Rdf1 f4 17. h4 fxe3 18. Bxe3 Nf5 19. Bc1 Nhg3 20. Nxg3 Nxg3 21.
Bxg6 Nf5 22. Bxh7+ Kxh7 23. g4 Kg8 24. Ne2 Rf7 25. h5 Qf8 26. Ka1 Nd6 27. h6
Kh8 28. Ng3 Rxf3 29. g5 Bf5 30. Qg2 Be4 31. g6 Qf6 32. Nxe4 dxe4 33. Rfg1 Rg8
34. Rh5 Nf5 35. Rg5 Ne3 36. Qh2 Bd6 37. Qh5 Qf4 38. h7 Rg7 39. Ra5 b6 40. Ra4
Nd5 41. Qg4 Qf8 42. Rxa7 Rxa7 43. g7+ Rxg7 0-1

[Event "4. Moscu Open 2008"]
[Site "Moscu RUS"]
[Date "2008.02.02"]
[Round "1.63"]
[White "Le, Quang Liem"]
[Black "Gundavaa, Bayarsaihan"]
[Result "0-1"]
[WhiteElo "2540"]
[BlackElo "2320"]
[PlyCount "60"]
[EventDate "2008.02.02"]
[EventType "swiss"]
[EventRounds "9"]
[EventCountry "RUS"]
[Source "lmi"]
[SourceDate "2008.02.02"]

1. e4 c5 2. Nf3 d6 3. d4 cxd4 4. Nxd4 Nf6 5. Nc3 a6 6. Be3 e5 7. Nb3 Be7 8. f3
O-O 9. Qd2 Be6 10. O-O-O Nbd7 11. g4 b5 12. g5 b4 13. Ne2 Ne8 14. f4 a5 15. f5
a4 16. Nbd4 exd4 17. Nxd4 b3 18. Kb1 bxc2+ 19. Nxc2 Bb3 20. axb3 axb3 21. Na3
Ne5 22. Bg2 Qb8 23. Bd4 d5 24. exd5 Bxa3 25. bxa3 Rxa3 26. h4 b2 27. Bxb2 Qb3
28. Qc2 Ra1+ 29. Kxa1 Qxc2 30. Bxe5 Nd6 0-1

[Event "4. Moscu Open 2008"]
[Site "Moscu RUS"]
[Date "2008.02.02"]
[Round "1.64"]
[White "Potapov, Alexey"]
[Black "Kunin, Vitaly"]
[Result "1/2-1/2"]
[WhiteElo "2320"]
[BlackElo "2538"]
[PlyCount "100"]
[EventDate "2008.02.02"]
[EventType "swiss"]
[EventRounds "9"]
[EventCountry "RUS"]
[Source "lmi"]
[SourceDate "2008.02.02"]

1. d4 d5 2. Nf3 Nf6 3. g3 c5 4. c3 e6 5. Bg2 Be7 6. dxc5 Bxc5 7. O-O O-O 8.
Nbd2 Nc6 9. c4 Bb6 10. cxd5 exd5 11. Nb3 Re8 12. e3 Bf5 13. Nbd4 Be4 14. b3 Nb4
15. a3 Nd3 16. Ng5 Rc8 17. Bxe4 dxe4 18. Nxe4 Bxd4 19. exd4 Rxe4 20. Qxd3 Rxd4
21. Qb5 Qd5 22. Qxd5 Nxd5 23. Re1 Rd3 24. b4 f6 25. Kg2 Rc2 26. b5 Kf7 27. a4
h5 28. h4 g6 29. Kf1 Rd4 30. Be3 Nxe3+ 31. Rxe3 Rdd2 32. Rf3 f5 33. Rf4 Ke6 34.
Re1+ Kd7 35. Kg2 Ra2 36. Rc1 Rdc2 37. Rd4+ Kc7 38. Rxc2+ Rxc2 39. Kf3 a6 40.
bxa6 bxa6 41. Ke3 Kc6 42. f3 Rb2 43. Rd8 Kc5 44. Rc8+ Kd5 45. a5 Rb3+ 46. Kf4
Rb4+ 47. Kg5 Rb3 48. Kf4 Rb4+ 49. Ke3 Rb3+ 50. Kf4 Rb4+ 1/2-1/2

[Event "4. Moscu Open 2008"]
[Site "Moscu RUS"]
[Date "2008.02.02"]
[Round "1.65"]
[White "Vorobiov, Evgeny E"]
[Black "Hovhannisyan, Robert"]
[Result "1/2-1/2"]
[WhiteElo "2537"]
[BlackElo "2319"]
[PlyCount "124"]
[EventDate "2008.02.02"]
[EventType "swiss"]
[EventRounds "9"]
[EventCountry "RUS"]
[Source "lmi"]
[SourceDate "2008.02.02"]

1. e4 e5 2. Bc4 Nf6 3. d3 c6 4. Nf3 d5 5. Bb3 Bd6 6. Nc3 dxe4 7. Ng5 O-O 8.
Ncxe4 Nxe4 9. Nxe4 Bf5 10. Ng3 Bg6 11. h4 h6 12. Qg4 Kh8 13. h5 Bh7 14. Nf5
Bxf5 15. Qxf5 Qd7 16. g4 Qxf5 17. gxf5 Nd7 18. Be3 Nc5 19. Ke2 Be7 20. Rhg1 e4
21. d4 Nxb3 22. axb3 Bf6 23. Rg4 Rfe8 24. f3 exf3+ 25. Kxf3 a6 26. Rag1 Rad8
27. Re4 Rxe4 28. Kxe4 Kg8 29. c3 Kf8 30. Bf4 Re8+ 31. Kd3 Rd8 32. b4 Rd5 33.
Ke4 a5 34. bxa5 Rxa5 35. Bc7 Ra2 36. Bd6+ Be7 37. Bxe7+ Kxe7 38. Rxg7 Rxb2 39.
Rh7 Re2+ 40. Kd3 Rf2 41. Rxh6 Rxf5 42. c4 Rg5 43. Rh8 b5 44. c5 Kd7 45. Rh6 Kc7
46. Rh7 Kc8 47. h6 Rh5 48. Kc3 Rh4 49. Kb4 Rxd4+ 50. Ka5 Rf4 51. Kb6 Rf6 52.
Rg7 Rxh6 53. Rxf7 b4 54. Rf4 b3 55. Rf2 Rh4 56. Kxc6 Rh6+ 57. Kb5 Rg6 58. c6 b2
59. Rxb2 Kc7 60. Rc2 Rg5+ 61. Rc5 Rxc5+ 62. Kxc5 Kc8 1/2-1/2

[Event "4. Moscu Open 2008"]
[Site "Moscu RUS"]
[Date "2008.02.02"]
[Round "1.66"]
[White "Onoprienko, Vladimir"]
[Black "Andriasian, Zaven"]
[Result "0-1"]
[WhiteElo "2318"]
[BlackElo "2532"]
[PlyCount "104"]
[EventDate "2008.02.02"]
[EventType "swiss"]
[EventRounds "9"]
[EventCountry "RUS"]
[Source "lmi"]
[SourceDate "2008.02.02"]

1. e4 c5 2. Nc3 a6 3. g3 d6 4. Bg2 g6 5. d3 Bg7 6. Be3 Nc6 7. Qd2 b5 8. Nge2
Bb7 9. O-O b4 10. Nd1 Nf6 11. h3 O-O 12. Bh6 d5 13. Bxg7 Kxg7 14. exd5 Nxd5 15.
Ne3 Nf6 16. Nc4 Qc7 17. Qe3 Nd8 18. Bxb7 Nxb7 19. Nf4 Nd6 20. Rfe1 Nf5 21. Qe5
Rac8 22. c3 Qxe5 23. Rxe5 e6 24. a3 bxc3 25. bxc3 Rfd8 26. Rd1 g5 27. Ng2 h6
28. g4 Nh4 29. Nxh4 gxh4 30. Ne3 Rc6 31. Kf1 Rb8 32. g5 hxg5 33. Rxg5+ Kf8 34.
c4 Rb3 35. a4 Ra3 36. Ke2 Rxa4 37. Rb1 Ra2+ 38. Kf3 Nd7 39. Rh5 Rd6 40. Rb3 a5
41. Rh8+ Ke7 42. Rxh4 a4 43. Rb7 Rxd3 44. Rh8 Kf6 45. Rh4 Ne5+ 46. Kg3 a3 47.
Rf4+ Kg7 48. Re4 Rd7 49. Rb8 Ng6 50. f4 Rd3 51. Kf3 Rb2 52. Ra8 Ne7 0-1

[Event "4. Moscu Open 2008"]
[Site "Moscu RUS"]
[Date "2008.02.02"]
[Round "1.67"]
[White "Bryzgalin, Kirill"]
[Black "Airapetian, Gor"]
[Result "1-0"]
[WhiteElo "2531"]
[BlackElo "2318"]
[PlyCount "142"]
[EventDate "2008.02.02"]
[EventType "swiss"]
[EventRounds "9"]
[EventCountry "RUS"]
[Source "lmi"]
[SourceDate "2008.02.02"]

1. e4 e6 2. d4 d5 3. Nd2 c5 4. exd5 Qxd5 5. Ngf3 cxd4 6. Bc4 Qd6 7. O-O Nf6 8.
Nb3 Nc6 9. Nbxd4 Nxd4 10. Nxd4 a6 11. Re1 Bd7 12. c3 Qc7 13. Qe2 Bd6 14. Nf3
Bc6 15. Bb3 O-O-O 16. h3 Kb8 17. Nd4 Bd7 18. Be3 Rhg8 19. Nf3 Bc6 20. Bd4 Nd7
21. Bc2 g5 22. Nd2 g4 23. hxg4 h5 24. Be4 Rxg4 25. f3 Bh2+ 26. Kf1 Rg5 27. Bxc6
Qxc6 28. Qe4 Rdg8 29. Qxc6 bxc6 30. Re2 h4 31. Ne4 R5g6 32. Rc1 f5 33. Nc5 Nxc5
34. Bxc5 h3 35. Rcc2 e5 36. gxh3 Bg1 37. Ba3 Bb6 38. Rg2 Rg3 39. Bd6+ Bc7 40.
Bxc7+ Kxc7 41. Rcf2 Kd6 42. h4 Ke6 43. h5 f4 44. h6 Rh8 45. Rxg3 fxg3 46. Rg2
Rxh6 47. Rxg3 Rh1+ 48. Rg1 Rh2 49. Rg2 Rh1+ 50. Ke2 Kf5 51. Ke3 Rd1 52. Rg4 c5
53. Rc4 Re1+ 54. Kf2 Rb1 55. b3 Rb2+ 56. Ke3 Rxa2 57. Rxc5 Ke6 58. b4 Rc2 59.
c4 Rb2 60. Ke4 Re2+ 61. Kd3 Ra2 62. Ra5 Rb2 63. Rxa6+ Kf5 64. b5 Rb3+ 65. Kc2
Rxf3 66. b6 Rf2+ 67. Kc3 Rf1 68. Ra5 Rc1+ 69. Kb4 Ke6 70. Kc5 Kd7 71. Ra7+ Kc8
1-0

[Event "4. Moscu Open 2008"]
[Site "Moscu RUS"]
[Date "2008.02.02"]
[Round "1.69"]
[White "Rakhmanov, Aleksandr"]
[Black "Shumilina, Alexandra"]
[Result "1/2-1/2"]
[WhiteElo "2524"]
[BlackElo "2317"]
[PlyCount "51"]
[EventDate "2008.02.02"]
[EventType "swiss"]
[EventRounds "9"]
[EventCountry "RUS"]
[Source "lmi"]
[SourceDate "2008.02.02"]

1. d4 d5 2. c4 c6 3. e3 Nf6 4. Nc3 a6 5. Qc2 g6 6. Bd3 Bg7 7. Nf3 O-O 8. h3
Nbd7 9. b3 Re8 10. Bb2 e5 11. dxe5 Nxe5 12. Nxe5 Rxe5 13. Rd1 Qa5 14. a3 dxc4
15. Bxc4 Bf5 16. Qd2 Ree8 17. O-O Rad8 18. Qe2 b5 19. b4 Qc7 20. Bb3 c5 21.
bxc5 Qxc5 22. Rxd8 Rxd8 23. Rd1 Qe7 24. Rxd8+ Qxd8 25. g4 Ne4 26. gxf5 1/2-1/2

[Event "4. Moscu Open 2008"]
[Site "Moscu RUS"]
[Date "2008.02.02"]
[Round "1.70"]
[White "Alexeev, Alexey"]
[Black "Hossain, Enamul"]
[Result "0-1"]
[WhiteElo "2316"]
[BlackElo "2522"]
[PlyCount "112"]
[EventDate "2008.02.02"]
[EventType "swiss"]
[EventRounds "9"]
[EventCountry "RUS"]
[Source "lmi"]
[SourceDate "2008.02.02"]

1. e4 c5 2. Nf3 e6 3. c3 d5 4. exd5 exd5 5. d4 Nc6 6. Bb5 Bd6 7. dxc5 Bxc5 8.
O-O Nge7 9. Nbd2 O-O 10. Nb3 Bb6 11. Re1 Bg4 12. Be2 Qd6 13. Nfd4 Bxe2 14. Rxe2
Ne5 15. Bf4 N7g6 16. Bxe5 Nxe5 17. Nf5 Qf6 18. Qc2 Nc6 19. Rd1 Rad8 20. Nfd4 g6
21. Re3 Rfe8 22. Qe2 Rxe3 23. Qxe3 Ne5 24. Qe2 Nc4 25. Re1 Nd6 26. Qd3 Ne4 27.
Re2 h5 28. Qf3 Qh4 29. g3 Qg4 30. Qg2 Qd7 31. h4 a5 32. f3 Nd6 33. Kh2 a4 34.
Nc1 Bxd4 35. cxd4 Nf5 36. Qf2 Nxh4 37. gxh4 Qc7+ 38. Qg3 Qxc1 39. Qe5 Qf1 40.
f4 Rc8 41. Rg2 Kh7 42. Qf6 Rc7 43. a3 Qf3 44. Qe5 Rc6 45. f5 Qxf5 46. Qxf5 gxf5
47. Rg5 Rc2+ 48. Kg3 Rxb2 49. Rxf5 Kg6 50. Rxd5 Rb3+ 51. Kf4 Rxa3 52. Rg5+ Kh6
53. Rf5 Ra1 54. Ke5 a3 55. Kd5 a2 56. Rf2 b5 0-1

[Event "4. Moscu Open 2008"]
[Site "Moscu RUS"]
[Date "2008.02.02"]
[Round "1.73"]
[White "Dzhakaev, Dzhakay"]
[Black "Agaragimov, Djahangir"]
[Result "1-0"]
[WhiteElo "2510"]
[BlackElo "2314"]
[PlyCount "93"]
[EventDate "2008.02.02"]
[EventType "swiss"]
[EventRounds "9"]
[EventCountry "RUS"]
[Source "lmi"]
[SourceDate "2008.02.02"]

1. e4 c5 2. Nf3 g6 3. d4 cxd4 4. Nxd4 Bg7 5. Nc3 Nc6 6. Be3 Nf6 7. Bc4 O-O 8.
Bb3 a5 9. a4 Ng4 10. Nxc6 Nxe3 11. Nxd8 Nxd1 12. Rxd1 Bxc3+ 13. bxc3 Rxd8 14.
e5 Ra6 15. Rd4 Kg7 16. Kd2 d6 17. Re1 e6 18. Bc4 Rb6 19. Bb5 f6 20. f4 Bd7 21.
c4 fxe5 22. fxe5 dxe5 23. Rxe5 Kf6 24. Rc5 Bxb5 25. Rxd8 Bxa4 26. Rxa5 Bc6 27.
g4 g5 28. Rf8+ Kg7 29. Rf1 h6 30. Kc3 Bg2 31. Rd1 Bf3 32. c5 Rc6 33. Rd7+ Kf6
34. Rxb7 Bxg4 35. Kb4 Be2 36. Raa7 Rc8 37. Rc7 Rd8 38. Rd7 Rc8 39. c4 h5 40.
Kb5 h4 41. c6 g4 42. c7 g3 43. hxg3 hxg3 44. Rd8 g2 45. Rxc8 g1=Q 46. Ra5 Qb1+
47. Kc6 1-0

[Event "4. Moscu Open 2008"]
[Site "Moscu RUS"]
[Date "2008.02.02"]
[Round "1.74"]
[White "Reutsky, Sergei"]
[Black "Maslak, Konstantin"]
[Result "1/2-1/2"]
[WhiteElo "2311"]
[BlackElo "2510"]
[PlyCount "101"]
[EventDate "2008.02.02"]
[EventType "swiss"]
[EventRounds "9"]
[EventCountry "RUS"]
[Source "lmi"]
[SourceDate "2008.02.02"]

1. e4 e6 2. Nf3 d5 3. Nc3 dxe4 4. Nxe4 Nd7 5. d4 Ngf6 6. Nxf6+ Nxf6 7. Bg5 h6
8. Bh4 c5 9. Bb5+ Bd7 10. Bxd7+ Qxd7 11. Qe2 Be7 12. O-O cxd4 13. Rad1 O-O 14.
Rxd4 Qc7 15. Rfd1 b5 16. Ne5 Rfd8 17. Nd7 Rxd7 18. Rxd7 Nxd7 19. Bxe7 Nb6 20.
Bd6 Qc6 21. Be5 Nd5 22. Bd4 Nf4 23. Qg4 g5 24. Be5 f5 25. Qf3 Qxf3 26. gxf3 Nd5
27. c3 Rc8 28. Kg2 Kf7 29. h4 Kg6 30. hxg5 hxg5 31. Kg3 a6 32. f4 gxf4+ 33. Kf3
Kf7 34. Rg1 Rc4 35. Rg7+ Kf8 36. Ra7 Ra4 37. Ra8+ Ke7 38. Ra7+ Ke8 39. Ra8+ Kd7
40. Ra7+ Kc8 41. a3 Re4 42. Bd6 e5 43. Rf7 Re1 44. Rxf5 e4+ 45. Kg4 e3 46. Kf3
exf2 47. Kxf2 Rd1 48. Bxf4 Nxf4 49. Rxf4 Rd2+ 50. Ke3 Rxb2 51. a4 1/2-1/2

[Event "4. Moscu Open 2008"]
[Site "Moscu RUS"]
[Date "2008.02.02"]
[Round "1.75"]
[White "Kosyrev, Vladimir"]
[Black "Moiseev, Gumar"]
[Result "1/2-1/2"]
[WhiteElo "2509"]
[BlackElo "2310"]
[PlyCount "72"]
[EventDate "2008.02.02"]
[EventType "swiss"]
[EventRounds "9"]
[EventCountry "RUS"]
[Source "lmi"]
[SourceDate "2008.02.02"]

1. d4 Nf6 2. c4 e6 3. Nf3 b6 4. e3 Bb7 5. Bd3 g6 6. O-O Bg7 7. Nc3 O-O 8. e4 d6
9. h3 Nbd7 10. Re1 c5 11. Bg5 cxd4 12. Nxd4 a6 13. Rc1 Rc8 14. b3 Qc7 15. Qd2
Qb8 16. Bb1 Rfe8 17. Nf3 Nc5 18. Bf4 Red8 19. b4 e5 20. Bg5 Ne6 21. Bxf6 Bxf6
22. Nd5 Bxd5 23. cxd5 Nf8 24. Rc6 Rxc6 25. dxc6 Ne6 26. a4 b5 27. Ba2 Rc8 28.
axb5 Qxb5 29. Bxe6 fxe6 30. Qxd6 Qxc6 31. Rd1 Qxd6 32. Rxd6 Kf7 33. Rxa6 Rb8
34. Nd2 Bg5 35. Ra7+ Kg8 36. Nf3 Bf6 1/2-1/2

[Event "4. Moscu Open 2008"]
[Site "Moscu RUS"]
[Date "2008.02.02"]
[Round "1.76"]
[White "Zakharchenko, Arnold"]
[Black "Nikolenko, Oleg"]
[Result "0-1"]
[WhiteElo "2309"]
[BlackElo "2509"]
[PlyCount "26"]
[EventDate "2008.02.02"]
[EventType "swiss"]
[EventRounds "9"]
[EventCountry "RUS"]
[Source "lmi"]
[SourceDate "2008.02.02"]

1. d4 Nf6 2. c4 g6 3. Nc3 d5 4. Qb3 dxc4 5. Qxc4 Be6 6. Qb5+ Nc6 7. Nf3 Nd5 8.
e4 Ndb4 9. Qa4 Bd7 10. Qb3 e5 11. Bg5 Nxd4 12. Nxd4 Qxg5 13. Ndb5 O-O-O 0-1

[Event "4. Moscu Open 2008"]
[Site "Moscu RUS"]
[Date "2008.02.02"]
[Round "1.77"]
[White "Abdulla, Al-Rakib"]
[Black "Gankin, Stanislav"]
[Result "1-0"]
[WhiteElo "2506"]
[BlackElo "2308"]
[PlyCount "125"]
[EventDate "2008.02.02"]
[EventType "swiss"]
[EventRounds "9"]
[EventCountry "RUS"]
[Source "lmi"]
[SourceDate "2008.02.02"]

1. d4 d5 2. c4 c6 3. Nf3 Nf6 4. Qc2 e6 5. e3 Bd6 6. Nc3 Nbd7 7. e4 dxe4 8. Nxe4
Nxe4 9. Qxe4 e5 10. dxe5 O-O 11. exd6 Re8 12. Qxe8+ Qxe8+ 13. Be3 Nf6 14. O-O-O
Bf5 15. Bd3 Bxd3 16. Rxd3 Qe6 17. b3 Nd7 18. Rhd1 Qg4 19. Ne1 f6 20. h3 Qf5 21.
Nc2 Kf7 22. g4 Qa5 23. Kb1 a6 24. f4 Re8 25. Bd4 Re4 26. b4 Qd8 27. Re3 Rxe3
28. Bxe3 h5 29. Re1 Nf8 30. c5 hxg4 31. hxg4 a5 32. a3 axb4 33. axb4 Kg8 34.
Bd4 Nd7 35. Re7 Kf8 36. Ne3 b6 37. Kc2 bxc5 38. bxc5 Nb8 39. g5 Qa5 40. gxf6
gxf6 41. Rb7 Qa4+ 42. Kc3 Qa5+ 43. Kb3 Na6 44. Nc4 Qd8 45. Nb6 Kg8 46. Ra7 Kh8
47. Rxa6 Qg8+ 48. Nc4 Qd5 49. Kc3 Kg7 50. Ne3 Qh1 51. Ra7+ Kg6 52. d7 Qc1+ 53.
Kd3 Qb1+ 54. Ke2 Qb8 55. Rb7 Qd8 56. Nc4 Kf5 57. Be3 Ke6 58. Bd2 f5 59. Ne5 Qh4
60. Rb8 Qh2+ 61. Kd3 Qh3+ 62. Kc2 Qa3 63. Re8+ 1-0

[Event "4. Moscu Open 2008"]
[Site "Moscu RUS"]
[Date "2008.02.02"]
[Round "1.79"]
[White "Kiselev, Vitaliy"]
[Black "Demianjuk, Alexander"]
[Result "1/2-1/2"]
[WhiteElo "2590"]
[BlackElo "2305"]
[PlyCount "78"]
[EventDate "2008.02.02"]
[EventType "swiss"]
[EventRounds "9"]
[EventCountry "RUS"]
[Source "lmi"]
[SourceDate "2008.02.02"]

1. d4 Nf6 2. c4 e6 3. Nf3 b6 4. g3 Ba6 5. b3 Bb4+ 6. Bd2 Be7 7. Bg2 c6 8. Bc3
d5 9. Ne5 Nfd7 10. Nxd7 Nxd7 11. Nd2 O-O 12. O-O Rc8 13. e4 b5 14. Re1 bxc4 15.
bxc4 dxc4 16. Qa4 Bb5 17. Qc2 Re8 18. a4 Ba6 19. Red1 Rb8 20. Bf1 c5 21. d5
exd5 22. exd5 Bf6 23. Bxc4 Bxc4 24. Nxc4 Bxc3 25. Qxc3 Qf6 26. Qxf6 Nxf6 27.
Rac1 Rb4 28. Nd6 Rd8 29. Rxc5 g6 30. Rc8 Rxc8 31. Nxc8 Rxa4 32. d6 Nd7 33. Re1
Rd4 34. Re8+ Kg7 35. Rd8 Nc5 36. Nxa7 Ne6 37. Rd7 Nf8 38. Rd8 Ne6 39. Rd7 Nf8
1/2-1/2

[Event "4. Moscu Open 2008"]
[Site "Moscu RUS"]
[Date "2008.02.02"]
[Round "1.80"]
[White "Musaev, Mansur"]
[Black "Gubajdullin, Alexei"]
[Result "0-1"]
[WhiteElo "2303"]
[BlackElo "2504"]
[PlyCount "37"]
[EventDate "2008.02.02"]
[EventType "swiss"]
[EventRounds "9"]
[EventCountry "RUS"]
[Source "lmi"]
[SourceDate "2008.02.02"]

1. e4 c5 2. Nf3 d6 3. d4 cxd4 4. Nxd4 Nf6 5. Nc3 a6 6. f3 e6 7. Be3 b5 8. Qd2
Nbd7 9. g4 Nb6 10. O-O-O Bb7 11. a3 Rc8 12. h4 Nfd7 13. g5 Ne5 14. h5 Nbc4 15.
Bxc4 Nxc4 16. Qd3 Qc7 17. Bd2 Be7 18. f4 g6 19. Rdg1 0-1

[Event "4. Moscu Open 2008"]
[Site "Moscu RUS"]
[Date "2008.02.02"]
[Round "1.81"]
[White "Dvalishvili, Pavel S"]
[Black "Orlov, Nikolay I"]
[Result "1-0"]
[WhiteElo "2500"]
[BlackElo "2314"]
[PlyCount "109"]
[EventDate "2008.02.02"]
[EventType "swiss"]
[EventRounds "9"]
[EventCountry "RUS"]
[Source "lmi"]
[SourceDate "2008.02.02"]

1. e4 c5 2. Nf3 e6 3. c3 d5 4. exd5 exd5 5. d4 Nc6 6. Bb5 Bd6 7. O-O Nge7 8.
dxc5 Bxc5 9. Nbd2 O-O 10. Nb3 Bd6 11. Re1 Bg4 12. h3 Bh5 13. Be2 Re8 14. Nfd4
Bxe2 15. Rxe2 Ne5 16. Bf4 Nc4 17. Bxd6 Nxd6 18. Nc5 Qc7 19. Nd3 Ne4 20. Qa4 Ng6
21. Rae1 Rf8 22. Nf5 Rad8 23. f3 Ng3 24. Nxg3 Qxg3 25. Ne5 Nxe5 26. Rxe5 a6 27.
Qd4 Rd6 28. R1e2 h6 29. Rxd5 Rxd5 30. Qxd5 Qc7 31. Qe5 Qc4 32. b3 Qd3 33. c4
Rd8 34. Kh2 h5 35. Re4 g6 36. c5 Qd7 37. b4 a5 38. bxa5 Qc6 39. Rb4 Rd2 40. Rd4
Rxd4 41. Qxd4 Qc7+ 42. Qd6 Qxa5 43. Qb8+ Kg7 44. Qxb7 Qxc5 45. Qe4 Qa3 46. Qd5
h4 47. Qb3 Qc5 48. Qb2+ Kh7 49. Qf6 Qc4 50. a3 Kg8 51. Qd8+ Kh7 52. Qd6 Qc3 53.
a4 Qa1 54. Qf4 g5 55. Qxf7+ 1-0

[Event "4. Moscu Open 2008"]
[Site "Moscu RUS"]
[Date "2008.02.02"]
[Round "1.82"]
[White "Nguyen, Viet Tuong"]
[Black "Safarli, Eltaj"]
[Result "1-0"]
[WhiteElo "2301"]
[BlackElo "2496"]
[PlyCount "87"]
[EventDate "2008.02.02"]
[EventType "swiss"]
[EventRounds "9"]
[EventCountry "RUS"]
[Source "lmi"]
[SourceDate "2008.02.02"]

1. e4 c5 2. Nf3 d6 3. d4 cxd4 4. Nxd4 Nf6 5. Nc3 a6 6. Be2 e5 7. Nb3 Be7 8. Bg5
Be6 9. Bxf6 Bxf6 10. Qd3 Bg5 11. Rd1 Nc6 12. Qxd6 Qxd6 13. Rxd6 Ke7 14. Rd1 Nd4
15. O-O Rhd8 16. Nc5 Nxc2 17. Nxb7 Rd2 18. Rxd2 Bxd2 19. Nd5+ Bxd5 20. exd5 Nd4
21. Bc4 Bb4 22. f4 e4 23. Rd1 Nf5 24. a3 Ra7 25. Bxa6 Bd6 26. Nxd6 Nxd6 27. Be2
Rc7 28. Rb1 Rc2 29. Bf1 Nc8 30. a4 Kd6 31. a5 e3 32. Re1 Rxb2 33. Rxe3 Ra2 34.
a6 Nb6 35. Rh3 h6 36. Rg3 g6 37. f5 gxf5 38. Rf3 Ke5 39. d6 f4 40. Rd3 Nd7 41.
Rd1 Ra5 42. Bc4 f5 43. Rd5+ Rxd5 44. Bxd5 1-0